[Event "Montreal 6th"]
[Site "Montreal"]
[Date "2005.08.05"]
[Round "3"]
[White "Mikhalevski, Victor"]
[Black "Charbonneau, Pascal"]
[Result "1-0"]
[WhiteElo "2572"]
[BlackElo "2509"]
[Annotator "Mikhalevski,V"]
[PlyCount "145"]
[EventDate "2005.08.03"]
[EventType "tourn"]
[EventRounds "11"]
[EventCountry "CAN"]
[EventCategory "12"]
[SourceTitle "CBM 109"]
[Source "ChessBase"]
[SourceDate "2005.11.14"]
[SourceVersion "1"]
[SourceVersionDate "2005.11.14"]
[SourceQuality "1"]

1. d4 Nf6 {It's interesting that I expected 1...Nf6 from Shipov and 1...d5
from Pascal, but they just played it the other way round.} 2. c4 e6 3. Nf3 c5
4. d5 exd5 5. cxd5 d6 6. Nc3 g6 7. g3 Bg7 8. Bg2 O-O 9. O-O a6 10. a4 Nbd7 11.
Nd2 {[%csl Rd6][%cal Gd2c4] The knight is heading to c4 in order to attack the
weak d6-pawn, which is the main weakness in Black's position.} Nh5 {[%cal
Gf7f5] A relatively uncommon line. Black wants to play f5 as soon as possible
trying to save a few tempi comparing to the main line in which he often
returns with the rook from e8 to f8.} ({The main line runs} 11... Re8 12. h3
Rb8 13. Nc4 {and now Black chooses between} Ne5 ({and} 13... Nb6)) 12. Nce4 {
[%cal Gd2c4] White attacks the d6-pawn in order to prevent f5 and leaves the
other knight on d2 for coming to c4.} Ndf6 ({I was more concerned of} 12... Ne5
$5 {as e4 is not the best square for the knight. This would lead to some
complications after} 13. f4 Ng4 {[%csl Re3][%cal Gg4e3]} 14. Nc4 Bd7 {[%cal
Gb7b5] with the idea of b5. Here is a possible follow-up.} 15. a5 $5 Bb5 $140
16. Nexd6 Bd4+ 17. e3 Nxe3 18. Bxe3 Bxe3+ 19. Kh1 Bd4 20. Qb3 Bxc4 21. Nxc4 $14
{[%csl Rb7,Gc4,Gg2] and White is better thanks to a weakness on b7 and strong
minor pieces.}) 13. Nxf6+ Nxf6 {The most logical. The knight has nothing to do
on h5 anymore.} ({Black also tested other recaptures.} 13... Qxf6 {which looks
a bit weird as it leaves the knight on h5.} 14. Nc4 Rb8 15. a5 (15. Nb6 $5 {
1/2-1/2 Reefschlaeger,H-Kindermann,S/Germany 1984/GER-chT (20)}) 15... Bd7 16.
Rb1 b5 17. axb6 Bb5 18. b3 $14 {0-1 Derieux,C-Kovacevic,S/Massy 1992.}) ({
Even more weird looks} 13... Bxf6 {I don't see what the bishop is going to do
there. The best will be to return to g7. Then the question is why not 13...
Nxf6.} 14. Nc4 Bd4 15. e3 Bg7 16. e4 $14 {1-0 Nikolic,P-De Firmian,N/Wijk aan
Zee 1986.}) 14. Nc4 {[%csl Rd6][%cal Ga4a5,Gc1f4] preparing both to fix the
b7-pawn by means of a5 and also to attack the d6-pawn with Bf4.} Re8 15. a5 {
[%csl Rd6][%cal Gc4b6,Gc1f4] This move turns out to be a novelty, though the
arisen position is similar to the current game. White fixes the b7-pawn and
postpones Bf4. Black's next move proves that White's choice was correct.} ({
The only earlier game saw} 15. Bf4 Bf8 16. a5 Nh5 17. Bd2 Bd7 18. Nb6 Rb8 19.
e4 Bg7 20. Bc3 Nf6 21. Re1 Bb5 22. f4 Nd7 23. Nxd7 Qxd7 24. e5 $16 {and White
obtained a clear advantage. 1-0 Tkachiev,V-Bezold,M/Makarska 1997.}) 15... Bf8
16. Re1 $1 {Moving the rook away from the possible pin along the a6-f1
diagonal after Bd7-b5 and preparing e4.} Bd7 17. e4 Bb5 18. b3 $1 {My idea is
to exploit my extra pawn in the centre after the exchange on c4.} (18. Nb6 {
is less logical as after} Rb8 {with Nd7 to follow Black exchanges the knight.})
18... Bg7 19. Bb2 Bxc4 20. bxc4 Nd7 {It seems that Black is fine as he
exchanges the dark-squared bishops and remains with a "good" knight vs a "bad"
bishop, but in fact the bishop is much more active than the knight, which is
restricted by White's and Black's pawns.} 21. Bxg7 Kxg7 22. f4 $14 {[%cal
Ga1a2,Ga2e2,Gd1a1,Ge4e5] Now my plan includes regrouping of pieces by means of
Ra2-e2; Qa1 and Bh3 and when everything is ready I'm going to play e5 which is
the punchline of White's previous play.} f6 {Sooner or later Black will have
to make this move though it weakens the e6-square.} 23. Bh3 Re7 24. Ra2 Qc7 25.
Qa1 Rae8 26. Rae2 {Everything is ready and so Black moves the knight away from
a possible exchange and thus makes the e5-advance more difficult.} Nf8 27. Bg4
{I was very surprised when I analysed the game and saw Fritz chooses the same
move. Frankly speaking I made this move with the idea to weaken the kingside
by means of h4-h5, but in fact White has another hidden idea offered after the
game by Pascal.} h5 28. Bh3 {I've decided to wait and see since Black has a
restricted number of moves.} ({He suggested} 28. Bf3 $1 {[%cal Ge2e3,Gf3d1,
Gd1a4] with the idea Re3 and then Bd1-a4.}) 28... Nd7 $6 {As Pascal told me
after the game his idea was to provoke complications, but I believe it would
be better to wait.} 29. Be6 $1 {Closing the e-file and thus preparing e5.} Nf8
30. e5 $16 {Finally White succeeds in advancing the e-pawn to e5 and opens up
the position.} fxe5 31. fxe5 dxe5 $1 (31... Kh7 $2 {Loses beautifully to} 32.
Bf7 $1 {[%csl Re7,Re8]} Rxf7 ({or} 32... Rd8 33. exd6 $18 {[%csl Re7]}) 33.
exd6 $18 {[%csl Re8]}) 32. Rxe5 Kh7 {An inaccuracy.} ({It was better to
exchange the bishop at once and thus to prevent 33.Bf7!} 32... Nxe6 $1 33. dxe6
(33. Rxe6+ {is not very convincingly as after} Kh7 {White can't play} 34. d6 {
in view of} Qxd6 $1 35. Rxd6 Rxe1+ {and Black is even better.}) 33... Kh7 34.
Qb1 {-32...Kh7}) 33. Qb1 {[%cal Ge5h5] White creates the threat of Rh5.} ({
And again} 33. Bf7 $5 {exchanging all the rooks was strong thanks to a clear
superiority of the bishop over the knight and a protected passer on d5.} Rxe5
34. Bxe8 Re7 35. Ba4) 33... Nxe6 $1 ({Black can't simply move from the pin as
the white queen comes closer using a method of stairs.} 33... Kg7 34. Qb2 Kh7
35. Qc2 Kg7 36. Qc3 Kh7 37. Qd3 {adding to a threat of Rxh5 a more convincing
one - d6.} Nxe6 38. d6 Qd7 39. Qd5 Rg7 40. Rxe6 Rxe6 41. Rxe6 $16) 34. dxe6 Qd6
$1 {The best defense.} 35. Rxh5+ ({The intermediate} 35. Rd5 $5 {was also
strong.} Rxe6 (35... Qc6 $2 {loses to} 36. Rxh5+ Kg7 37. Qb2+ {with mate in
the next move.}) 36. Qxb7+ Qe7 37. Qxe7+ R8xe7 38. Rxe6 Rxe6 39. Rxc5 $16 {
and White has to be able to convert his extra pawn into a victory.}) 35... Kg7
36. Rd5 $6 {This makes White's task more difficult.} ({I've correctly rejected
both} 36. Rg5 $6 Rxe6 37. Rxg6+ Rxg6 38. Rxe8 Rxg3+ 39. hxg3 Qxg3+ 40. Kf1 Qf3+
$11 {with perpetual check.}) ({and} 36. Rhe5 $6 Rxe6 37. Qxb7+ Kh6 38. Rxe6
Rxe6 39. Rxe6 Qxe6 40. Qd5 Qe1+ 41. Kg2 Qxa5 $11 {also with equality.}) ({
However} 36. Rd1 $1 {was strong.} Qxd1+ (36... Qxe6 $2 {loses on the spot to}
37. Qb2+ Qf6 38. Rh7+ $18 {[%csl Rf6]}) 37. Qxd1 gxh5 38. Qxh5 Rxe6 39. Qxc5
$16 Re1+ 40. Kf2 R1e2+ 41. Kf3 Rxh2 42. Qc7+ Kf8 43. Qxb7 Rh6 $16 {[%csl Gc4,
Gg3] and though Black holds for a moment I believe that White's advantage is
sufficient for a win.}) 36... Qc6 37. Qb2+ $1 (37. Rde5 $6 Rxe6 38. Rxe6 Rxe6
39. Rxe6 Qxe6 40. Qxb7+ Kh6 $11 {and Black either returns material equality or
ends the game by perpetual check.}) 37... Kg8 $1 {The only possible retreat.} (
37... Kh7 $2 {loses to} 38. Re4 $1 {[%csl Rh7][%cal Ge4h4] and the rook comes
to h4 with a decisive effect.}) 38. Qf2 $1 {[%csl Rc5] As a compensation for
losing the e6-pawn I want the c5-pawn.} (38. Qf6 Rxe6 39. Rxe6 Qxe6 40. Qxe6+
Rxe6 41. Rxc5 {This rook endgame is different from the one I could obtain
earlier as White doesn't have a passer.} b6 $5 42. axb6 Rxb6 $14) 38... Rxe6
39. Rf1 $1 {It's useful to keep this pair of rooks to protect the king.} Qc7
40. Rxc5 Qe7 41. Rd5 Re2 {Black has achieved some activity in view of a number
of inaccuracies from my side, but White still has chances for a win.} 42. Qf3
$1 Re1 43. Rxe1 $1 $16 {White is not afraid of several checks as his king will
be safe on h4 or g4.} (43. Qd3 $5 Rxf1+ 44. Kxf1 Qf6+ (44... Qe1+ 45. Kg2 Re2+
46. Kh3 Qf1+ 47. Kg4 Kg7 48. Rd6) 45. Kg2 $16) 43... Qxe1+ 44. Kg2 Rf8 (44...
Re2+ {doesn't reach the goal as after} 45. Kh3 Rf2 46. Rd8+ $1 Kg7 47. Qxb7+
Rf7 48. Qd5 Qf1+ 49. Kh4 Qf6+ 50. Kg4 {the king escapes the checks.}) 45. Qd3
$1 (45. Rd1 {is wrong:} Qxa5 46. Qxb7 Qa2+ 47. Kh3 Qxc4 $11) 45... Rf2+ (45...
Kg7 $5) 46. Kh3 Qe6+ 47. g4 Qf6 {With the clear idea Rf3.} 48. Rd8+ Kh7 $2 (
48... Kg7 49. Rd7+ Kf8 50. Qd6+ Qxd6 51. Rxd6 $16) 49. Rd7+ Kh6 $4 {It's
curious that we both missed a winning reply.} ({Black had to return to g8.} 
49... Kg8) 50. Qe3+ $2 {I also missed the win.} (50. Qg3 $3 {[%cal Gg4g5] A
brilliant idea which allows to win at once. The point is that Black can't stop
g5 followed by Rh7+ withough big material losses.} Rf4 (50... g5 51. Rd6 $18)
51. g5+ Qxg5 52. Rh7+ $1 Kxh7 53. Qxg5 $18) 50... g5 $2 {[%cal Gf2f3] Black
also errs.} ({It was necessary to look for chances at the rook endgame.} 50...
Qf4 51. Qxf4+ (51. Qg3 $5) 51... Rxf4 52. Rc7 $1 $14 {and White keeps an extra
pawn, however it wouldn't be easy to convert it into a win.} (52. Rxb7 Rxc4 53.
Rb6 Kg5 54. Rxa6 Ra4 $1 55. Ra8 (55. Kg3 Rxg4+ 56. Kf3 Rh4 $11) 55... Ra3+ 56.
Kg2 Kxg4 57. a6 Ra2+ 58. Kg1 Ra1+ 59. Kf2 Ra2+ 60. Ke3 Rxh2 $11 {with a draw.})
) 51. Kg3 $1 {This way I prevented Rf3 and created a threat which he
completely missed.} Rf1 $2 {After this move there is no escape.} ({It was
necessary to exchange the queens at once.} 51... Qf4+ $1 52. Qxf4 Rxf4 {
and Black has good chances for a draw. F.e.} 53. h4 $3 (53. Rxb7 {leads only
to a draw after} Rxc4 54. Rb6+ Kg7 55. Rxa6 Rc3+ 56. Kf2 Rc2+ 57. Kf3 {White
has to give up a pawn-otherwise perpetual.} Rxh2 58. Rb6 Ra2 59. a6 Ra4 $1 60.
Rb7+ Kf6 61. a7 Ke5 62. Ke2 Ra3 $3 {Only this move saves Black as this way he
wins a tempo comparing to 62...Ra2.} (62... Ra2+ $2 63. Kd3 Kf4 64. Kc3 Kxg4
65. Kb3 Ra6 66. Rb4+ Kf3 67. Ra4 Rxa7 68. Rxa7 g4 69. Rf7+ $1 {A winning
intermediate check. Now White wins a very important tempo which allows him to
win the game.} Ke2 ({or} 69... Kg2 70. Kc2 g3 71. Kd2 Kh1 72. Ke2 g2 73. Rh7+
Kg1 74. Rg7 $18) 70. Rg7 Kf3 71. Kc3 g3 72. Kd2 $1 g2 73. Ke1 $18 {and the
king is just in time to prevent Kf2.}) 63. Kd2 Kf4 64. Kc2 Kxg4 65. Kb2 Ra6 $11
) 53... Rxc4 54. Rd6+ Kg7 55. hxg5 Ra4 (55... Rc5 $6 56. Kh4 Rxa5 $2 57. Kh5
Rb5 58. Rd7+ Kf8 59. Kh6 $18) (55... Rc1 56. Rb6 Ra1 57. Rxb7+ Kg6 58. Rb6+
Kxg5 59. Rxa6 Ra3+ 60. Kf2 Kxg4 61. Ra8 Kf4 $1 {The simplest way to a draw.} (
61... Kg5 $6 62. a6 Kg6 63. Ke2 Kf7 64. Kd2 Kg7 65. Kc2 Rh3 $3 {Hard to
believe, but this is the only move.} (65... Rf3 $2 {turns out to lose to} 66.
Ra7+ $1 Kf6 (66... Kg6 67. Rb7 Ra3 68. a7 Kf6 69. Kb2 Ra6 70. Kb3 Ke5 71. Kc4
Ra1 72. Kc5 $18) 67. Kb2 $3 Ke6 68. Ra8 Rf7 69. Kb3 Ke5 (69... Kd5 70. a7 $1
Rd7 71. Kb4 Kd4 72. Kb5 Kd5 73. Ka5 $1 (73. Kb6 $5 Rd6+ 74. Kc7 Rc6+ 75. Kb7
$18) 73... Kd4 74. Kb6 Rd6+ 75. Kc7 $18) 70. Kb4 Ke4 71. Rd8 $1 $18) (65... Re3
$2 66. Ra7+ Kf6 67. Rh7 Kg6 68. Rb7 Kf6 69. a7 Ra3 70. Kb2 Ra6 71. Kb3 Ke6 72.
Kc4 Kd6 73. Rb6+ $1 ({Also} 73. Kb5 {is enough for a win.} Ra1 74. Rb6+ Kd5 75.
Ra6 Rb1+ 76. Ka5 Kc5 77. Rc6+ Kxc6 78. a8=Q+)) 66. Kb2 (66. Ra7+ Kf6 67. Kb2 (
67. Rb7 Ke6 68. a7 Ra3 69. Kb2 Ra6 70. Kb3 Kd6 71. Kb4 Kc6 $11) 67... Rh8 68.
Rb7 Ra8 69. a7 Ke6 70. Kb3 Kd6 71. Kb4 Kc6 $11) 66... Rh2+ 67. Kb3 Rh6 $1 68.
Kb4 Rf6 $1 {A fantastic escape!}) 62. a6 Ra2+ 63. Ke1 Ke3 64. Kd1 Kd3 65. Kc1
Kc3 66. Kb1 Rb2+ 67. Ka1 Rb6 $1 $11 {and the king comes via b4 to a5(b5) with
a draw.}) 56. Rd5 Ra1 $1 {and it's not easy to make progress.}) 52. h4 $1 $18 {
[%csl Rh6] Now it's over. The threat of hxg5 forces Black to go to a lost
endgame.} Qf4+ 53. Qxf4 gxf4+ 54. Kg2 Ra1 55. Kf3 $1 {[%csl Gg4,Gh4]} Rxa5 56.
Rxb7 {The rest is easy. White exchanges a and c-pawns, picks up the f-pawn and
with two connected pawns wins without any problems.} Rc5 57. Rb6+ Kg7 58. Rxa6
Rxc4 59. g5 {[%cal Ga6f6] Preparing Rf6.} Rc3+ 60. Kxf4 Rc4+ 61. Kg3 Rb4 62.
Rf6 Ra4 63. Rf4 Ra6 64. Kg4 Rb6 65. Rd4 Ra6 66. Rd7+ Kg8 67. Kh5 Rb6 68. g6 Rb8
69. Kh6 Ra8 70. h5 Rb8 71. Rd5 Ra8 72. Kg5 Rb8 73. h6 1-0

[Event "FRA-ch 58 Championnat"]
[Site "Belfort"]
[Date "1983.08.28"]
[Round "15"]
[White "Giffard, Nicolas"]
[Black "Bernard, Christophe"]
[Result "0-1"]
[WhiteElo "2345"]
[BlackElo "2335"]
[Annotator "Primel,D"]
[PlyCount "144"]
[EventDate "1983.08.12"]
[EventType "tourn"]
[EventRounds "15"]
[EventCountry "FRA"]
[EventCategory "2"]
[SourceTitle "EXT 2004"]
[Source "ChessBase"]
[SourceDate "2003.11.25"]
[SourceVersion "1"]
[SourceVersionDate "2003.11.25"]
[SourceQuality "1"]

1. Nf3 Nf6 2. d4 c5 3. d5 d6 4. c4 (4. Nc3 $1 {[%csl Gc4] Une suite plus
dynamique notamment а l'aide la case forte "c4" disponible pour une pièce
blanche} g6 (4... e6 5. e4 exd5 6. exd5 Be7 7. Bb5+ Bd7 8. a4 O-O 9. O-O Na6
10. Re1 $5 (10. h3 Nc7 11. Bc4) 10... Nc7 11. Bxd7 Qxd7 12. Qd3 {[%csl Gc4,Gf5]
} Rfe8 13. Bg5 h6 {[%csl Rf5]} 14. Bxf6 Bxf6 15. Ne4 {[%csl Rb2]}) 5. e4 Bg7 6.
Bb5+ Bd7 7. a4 O-O 8. O-O Na6 9. h3 Nc7 10. Bc4 a6 11. a5 $14 {[%csl Rb6]})
4... g6 5. g3 Bg7 6. Bg2 O-O 7. O-O e6 8. Nc3 exd5 9. cxd5 a6 10. a4 Nbd7 11.
Bf4 $1 {[%csl Rd6]} Qe7 12. e4 (12. a5 Rb8 13. Na4 b5 14. axb6 Nxb6 15. e4 Nfd7
16. Nxb6 Rxb6 17. Nd2 Rb4 18. Ra4 Rxa4 19. Qxa4 g5 20. Be3 Ne5 21. b4 cxb4 22.
Qxb4 Bd7 23. Qb7 a5 24. Rc1 a4 25. Rc7 a3 26. Qa6 Bb5 {Nikolic,P (2585)-Tal,M 
(2610)/Reykjavik 1988/CBM 010/1/2-1/2 (52)}) 12... Ng4 13. Bg5 $6 (13. Nd2 $142
$1 {[%cal Gd1g4] plus précis pour garder l'avantage car après le repli du B,
les pièces blanches manquent de coordination.} Nge5 14. Be3 f5 15. exf5 gxf5
16. Qc2 Nf6 17. Rfe1 {[%cal Ge1e7]} Qd8 18. h3 Rb8 19. f4 Ng6 20. Nf3 $14)
13... f6 $1 (13... Qe8 14. a5 $14 {[%csl Rb6]} h6 15. Bd2 Nde5 16. Nxe5 Nxe5
17. Na4 Nc4 18. Bc3 Qb5 19. Bxg7 Kxg7 20. Qd3 Qb4 (20... Nxa5 21. Qc3+ f6 22.
Nxc5 $1 {[%csl Ra5]}) 21. Rfc1 Nxa5 22. Qc3+ Qxc3 23. Rxc3 b5 24. Nb6 {1-0
Mochalov,E (2415)-Luukkonen,T (2252)/Saint Vincent 2005/EXT 2006}) 14. Bc1 (14.
Bd2 $5 Nge5 {[%csl Rd3][%cal Ge5d3]}) 14... Nge5 $1 $11 15. Nxe5 $6 {Un
échange qui favorise les noirs mais il était difficile d'améliorer la position
blanche.} (15. Nd2 {[%cal Gf2f4,Rd2c4]} f5 16. exf5 gxf5 17. f4 $1 Ng4 18. Nf3
(18. Nc4 Bd4+) 18... Re8) (15. Ne1 f5 16. exf5 gxf5 17. h3 Nf6 18. f4 Nc4 19.
Qd3 Na5 20. Be3 Nb3 21. Rd1 c4 $1 22. Qe2 Bd7 (22... Re8 23. Nc2) 23. Nf3 Rae8)
(15. h3 Nxf3+ 16. Bxf3 Ne5 17. Bg2 c4 {[%cal Ge5d3]}) 15... fxe5 16. a5 {
Les pièces blanches sont mal placées pour utiliser la case "c4" et ce coup
naturel est probablement prématuré.  Paradoxalement ,16.a5 fait pression sur
la case faible "b6" mais perd le contrôle de la case "b5" qui va servir de
case de transit pour les pièces noires dans la suite de la partie.} (16. Be3 $1
Nf6 17. f3 Rb8 18. Qe2 {[%csl Rb5]} (18. Rb1 {[%cal Gb2b4]}) 18... Bd7 19. Rab1
$1 (19. a5 $143 b5 20. axb6 Rxb6 21. Rxa6 Bb5 22. Qxb5 $3 Rxb5 23. Nxb5 Qb7 24.
Ra5 Ne8 25. Rfa1 {[%cal Gg2f1]} Rf7 {[%cal Gg7f8]} 26. R1a4 $1 {[%cal Gb2b4]}
Bf8 27. b4 cxb4 28. Rxb4 {[%cal Ga5a7]} Bh6 $3 29. Bf2 (29. Bxh6 Qb6+ {[%cal
Gb6a5,Gb6g1]})) 19... b5 (19... a5 $5 {[%csl Rb5]}) 20. axb5 axb5 21. b4 $1 c4
22. Ra1 $16 {[%csl Rb5] Les noirs ont plusieurs faiblesses structurelles et
l'ouverture de la colonne "a" va permettre l'échange des pièces lourdes pourn
rentrer dans une finale favorable aux blancs.}) 16... Rb8 17. Be3 (17. Na4 b5
18. axb6 Nxb6 19. Nxb6 Rxb6 20. Qc2 Qb7 21. Ra2 h6 22. Bd2 g5 23. Bc3 g4 $11 {
[%csl Rf3] avec des pièces noires plus actives}) 17... b6 $1 18. axb6 Rxb6 19.
Qe2 Nf6 $1 {[%cal Gf6g4]} 20. f3 $2 {[%csl Rg2][%cal Ga1a2,Gf1a1,Rg2f1] Un
affaiblissement durable de la structure. Le Bg2 va peiner а se réactiver alors
que les pièces noires vont gagner des tempi en attaquant "f3"} (20. Qc2 Ng4 21.
Bd2 Nf6 22. h3) 20... Qb7 21. Ra2 Rf7 22. Rfa1 Qb8 23. Nd1 {[%cal Gd1b2,Ge3c1,
Rd1e3,Re3c4] Par rapport au plan habituel des blancs Nf3-d2-c4, la manoeuvre
des blancs apparait lente et artificielle.} Ne8 $1 {[%cal Ge8c7,Gc7a6,Gc7b5,
Gb5d4] Le début d'une forte manoeuvre pour activer le N. Par ailleurs,la Rf7
fait pression sur la faiblesse f3 pour empêcher une réorganisation des
positions de la Q et du Bg2} 24. Bc1 {[%cal Gd1e3,Ge3c4]} Nc7 25. Ne3 Nb5 {
[%csl Rd4]} 26. Nc4 Nd4 $132 {[%cal Gd4e2,Gd4f3] Gagnant un tempo important
sur la Q} 27. Qd1 Rb4 $36 28. Ra4 $1 Rxa4 29. Rxa4 Bd7 30. Ra3 Bb5 $1 $15 {
[%cal Gb5c4,Gb5a6] Un nouvelle pièce transite par la case forte "b5"} 31. Bf1
Qf8 {[%csl Rf3]} 32. Kg2 h5 33. h4 Kh7 34. Bg5 Bh6 35. Bxh6 Kxh6 36. Nd2 Kh7
37. Bxb5 axb5 38. Ra6 c4 39. Rb6 $4 (39. Ra1 {Giffard}) 39... Ra7 {[%csl Rb6]
[%cal Gf8d8]} 40. Qc1 Qd8 41. Rc6 {Il devait être très désagréable de mettre
sous enveloppe un coup perdant car l'ajournement devait permettre de trouver
un gain rapide des noirs.} Nxc6 42. dxc6 Qc7 43. Nf1 Qxc6 44. Ne3 Rf7 45. Nd5
c3 $1 (45... Qa6 $6 46. Qg5 {[%cal Gd5f6]} Kg7 47. Ne7 {[%csl Rg6]}) (45... Qc8
$5 46. Qg5 Kg7 47. Ne7 Qe6 48. Nd5 Ra7 49. Qd8 $1 Ra2 50. Nc7) 46. bxc3 Qc4 $1
{[%csl Ra2,Re2]} 47. Qe3 Qa2+ 48. Qf2 Qxf2+ 49. Kxf2 Kg7 50. Ke3 Ra7 51. f4 Kf7
52. Kf3 Ra3 53. Kf2 Rb3 54. Kg2 Ra3 55. Kf2 Ra2+ 56. Kf3 {Second ajournement!}
Rc2 57. Ke3 Rb2 58. Kf3 Rb3 59. Kf2 exf4 60. gxf4 {[%csl Rh4]} Rb1 $1 61. Kg2 (
61. Ke3 Rh1 62. Nc7 Rh3+ $1 63. Kd4 Rxh4 64. Nxb5 Rxf4 {[%cal Gh5h1]} 65. Nxd6+
Ke6 66. Ke3 Rg4 67. Nc4 Rg3+ 68. Kd4 h4) 61... Re1 $1 62. Kf3 Rh1 63. Kg3 Rg1+
64. Kf3 Rg4 65. Nc7 Rxh4 66. Nxb5 Rh3+ 67. Kg2 Rd3 68. Kf2 h4 69. Kg2 g5 $1 70.
fxg5 Kg6 71. Nd4 Kxg5 72. e5 dxe5 0-1

[Event "Rohde op 12th"]
[Site "Sautron"]
[Date "2012.10.27"]
[Round "6"]
[White "Ulybin, Mikhail"]
[Black "Colin, Vincent"]
[Result "1-0"]
[WhiteElo "2529"]
[BlackElo "2407"]
[Annotator "RR"]
[PlyCount "55"]
[EventDate "2012.10.27"]
[EventType "swiss"]
[EventRounds "9"]
[EventCountry "FRA"]
[SourceTitle "EXT 2014"]
[Source "ChessBase"]
[SourceDate "2013.11.20"]
[SourceVersion "1"]
[SourceVersionDate "2013.11.20"]
[SourceQuality "1"]
[TimeControl "40/5400+30:1800+30"]
[WhiteClock "1:30:00"]
[BlackClock "1:30:00"]

1. d4 Nf6 2. c4 e6 3. g3 c5 4. d5 exd5 5. cxd5 d6 (5... b5) 6. Nc3 g6 7. Nf3
Bg7 8. Bg2 O-O 9. O-O Re8 10. Bf4 a6 11. a4 Qe7 (11... Nh5) 12. h3 Nbd7 13. e4
Rb8 $6 (13... Qf8) 14. Re1 Nh5 15. Bg5 Qf8 16. g4 Nhf6 17. Bf4 h5 (17... Ne5
18. Nxe5 dxe5 19. Be3 $14 {Razuvaev,Y (2545)-Lautier,J (2450) Berliner Sommer
07th 1989 1-0}) 18. e5 $1 dxe5 19. Nxe5 hxg4 20. Nc4 {[%csl Rb8] Cette
variante Rb8 n'avait pas bonne réputation théorique et on s'perçoit qu'elle
est mal placée} Rxe1+ 21. Qxe1 Bh8 $6 (21... gxh3 22. Bd6 $13) 22. hxg4 b5 $2
23. axb5 axb5 24. Bd6 $40 Qh6 25. Bxb8 Nxb8 26. Nd6 (26. Nxb5 Nxg4 27. Qe8+)
26... Bxg4 27. Qe7 Qg7 28. Ra8 1-0